000
00283nam a22001337a 4500
003
SGT
082
_a
614
_b
A19G
100
_a
GIRDHAR, SHUBHAM
245
_a
A STUDY OF MORBIDITY PATTERN
260
_a
SGTU
_c
2019
300
_a
92
650
_a
COMMUINITY MEDICINE
942
_2
ddc
_c
TH
999
_c
20549
_d
20549